000 00339nam a2200145Ia 4500
005 20250508165024.0
008 250508s9999||||xx |||||||||||||| ||und||
041 _aEnglish
082 _a4.678
_bDUB
100 _aDubey, Rahul
245 3 _aAn Indroducation Internet of Things
260 _bCengage
_c2019
300 _a427p
942 _cBK
999 _c13698
_d13698